000 00497nam a22001577a 4500
005 20251108165202.0
008 250721s1996 xx 000 0 ara d
082 1 4 _a956/ادو
100 1 _aسعيد، إدوارد
245 1 0 _aتعقيبات على الإستشراق و المستشرقون /
264 1 _aبيروت :
_bمؤسسة العربية للدراسات،
_c1996.
300 _a160ص
650 1 7 _aالإستشراق و المستشرقون
942 _2ddc
_cBK
999 _c21580
_d21580